Ultimate Girl Meets World Quiz - Statistics

General Stats
  • This quiz has been taken 603 times
  • The average score is 12 of 21
Answer Stats
Hint Answer % Correct
What is the name on the series theme tune? Take on the world
87%
Who is Riley's first kiss? Lucas
84%
Who is Auggies girlfriend? Ava
80%
What show came before GMW? Boy meets world
74%
Where is the show set? New York
73%
What is the profession of Topanga? Lawyer
71%
Who is Lucas' best friend from Texas? Zay Babineaux
68%
What is the name of the town that Riley lives in according to Maya? Rileytown
67%
What is Mayas father called? Kermit
63%
What town is Eric Matthews mayor of? St. Upid Town
61%
What is the school the kids attend? John Quincy Adams
60%
What is the nickname given to Josh by Maya? Uncle Boing
53%
What form of Autism is Farkle tested for? Aspergers
50%
What is the name of Auggies friend who prnounces his name differently to what it actually is? Dewey
50%
What is the name of the kids English teacher? Harper Burgess
44%
What is Lucas' grandfather called? Pappy Joe
40%
Finish the line "Its not my kranian bakery..." Its Ukranian bakery
36%
Who asks Riley to the semi-formal Charlie Gardner
32%
Whos real life sister plays an extra in the class? Sarah Carpenter
29%
What are Corys parents called? Amy and Alan
16%
In what episode does Maya begin to realise she has feelings for Lucas? Girl meets Texas
16%
No matching quizzes found
Score Distribution
Percent of People with Each Score
Percentile by Number Answered
Your Score History
You have not taken this quiz